| 000 | 00517nam a2200145 a 4500 | ||
|---|---|---|---|
| 005 | 20140414131937.0 | ||
| 008 | 110120s19uu xx 00 eng d | ||
| 050 |
_aREF 943.8 _bM91 2003 |
||
| 100 | _aMulla-Feroze, Umaima. | ||
| 245 |
_aWelcome to Poland / _c[written by Umaima Mulla-Feroze/Paul Grajnert]. |
||
| 260 |
_aMilwaukee, Wis. : _bGareth Stevens Pub., _c2003. |
||
| 520 | _aAn introduction to the geography, history, government, economy, people, and culture of Poland | ||
| 650 | _aPoland. | ||
| 999 |
_c112473 _d112473 |
||